000 00223nam a2200097Ia 4500
008 240331s9999 xx 000 0 und d
082 _bGIN
100 _aGinott, H.G
245 0 _aKulanthaikalukkum ungalukkum idaye
942 _cL
999 _c1550
_d1550